[Event "ODJM A 2018"]
[Site "Willingen GER"]
[Date "2018.05.25"]
[Round "8"]
[White "Muckle, Richard"]
[Black "Do, Nam"]
[Result "1/2-1/2"]
[Termination "normal"]
[Board "23"]
[WhiteElo "2014"]
[BlackElo "1947"]
[PlyCount "112"]
[WhiteFideId "12942553"]
[BlackFideId "12998885"]
[EventCountry "GER"]
[EventRounds "9"]
[EventType "swiss"]
[EventDate "2018.05.19"]

1. d4 Nf6 2. g3 e6 3. Bg2 d5 4. Nf3 c5 5. c3 Nc6 6. O-O Be7 7. Re1 O-O 8. Bg5
cxd4 9. Nxd4 h6 10. Bxf6 Bxf6 11. e3 Qb6 12. Qb3 Qc7 13. Nd2 Bd7 14. Nxc6 bxc6
15. e4 Rab8 16. Qc2 Rb6 17. Rac1 Rc8 18. b3 Ra6 19. c4 Qa5 20. Qd3 Rd8 21. cxd5
cxd5 22. exd5 exd5 23. a4 Be6 24. Red1 Rad6 25. Bf1 Bg5 26. h4 Bf6 27. Qb5 Bc3
28. Nf3 Bg4 29. Qd3 d4 30. Be2 Bf5 31. Qb5 d3 32. Qxa5 Bxa5 33. Bf1 Bg4 34. Bg2
Rf6 35. b4 Bxb4 36. Rc4 Bxf3 37. Bxf3 Rxf3 38. Rxb4 d2 39. Rb2 Ra3 40. Rbxd2
Rxd2 41. Rxd2 Rxa4 42. Rd7 Ra1+ 43. Kg2 a5 44. Ra7 a4 45. Rb7 a3 46. Rc7 a2 47.
Ra7 Kh7 48. h5 Kg8 49. Ra8+ Kh7 50. Ra7 g5 51. Rxf7+ Kg8 52. Ra7 g4 53. Ra6 Kf7
54. Ra7+ Ke6 55. Ra6+ Kd5 56. Ra8 Ke6 1/2-1/2

[Event "ODJM A 2018"]
[Site "Willingen GER"]
[Date "2018.05.25"]
[Round "8"]
[White "Grunert, Friedrich"]
[Black "Bargsten, Justus"]
[Result "0-1"]
[Termination "normal"]
[Board "25"]
[WhiteElo "1828"]
[BlackElo "1953"]
[PlyCount "114"]
[WhiteFideId "12995592"]
[BlackFideId "12974188"]
[EventCountry "GER"]
[EventRounds "9"]
[EventType "swiss"]
[EventDate "2018.05.19"]

1. e4 c5 2. Nf3 d6 3. Bb5+ Nd7 4. O-O a6 5. Bd3 g6 6. c3 Bg7 7. Bc2 b5 8. d4 e5
9. Re1 Ngf6 10. Nbd2 O-O 11. Nf1 Bb7 12. Ng3 Qc7 13. Bb3 c4 14. Bc2 Rfe8 15. a4
exd4 16. cxd4 b4 17. a5 Re7 18. Ra4 Rae8 19. Rxb4 Nxe4 20. Nxe4 Bxe4 21. Bxe4
Rxe4 22. Rxe4 Rxe4 23. Be3 d5 24. Ra4 Qb7 25. Qd2 Bf8 26. h3 Qb3 27. Ra1 Re8
28. Bf4 Bb4 29. Qd1 Qxd1+ 30. Rxd1 Re2 31. Bd2 Bxd2 32. Rxd2 Rxd2 33. Nxd2 Kf8
34. Kf1 Nb8 35. Ke2 Nc6 36. Ke3 Nxa5 37. Kf4 f6 38. g4 Nc6 39. Nf3 g5+ 40. Ke3
Kf7 41. Kd2 Ke6 42. Kc3 a5 43. Ne1 Na7 44. Nf3 Nb5+ 45. Kc2 Nd6 46. Kd2 Ne4+
47. Ke3 Kd6 48. Ne1 Kc6 49. f3 Nd6 50. f4 h6 51. fxg5 hxg5 52. Nf3 a4 53. Kd2
Ne4+ 54. Kc2 Nf2 55. Ng1 Kb5 56. Kc3 Ka5 57. Kc2 Kb4 0-1

[Event "ODJM A 2018"]
[Site "Willingen GER"]
[Date "2018.05.25"]
[Round "8"]
[White "Giraud, Valerian"]
[Black "Wachtel, Arthur"]
[Result "1/2-1/2"]
[Termination "normal"]
[Board "26"]
[WhiteElo "2034"]
[BlackElo "1932"]
[PlyCount "44"]
[WhiteFideId "12920355"]
[BlackFideId "12988510"]
[EventCountry "GER"]
[EventRounds "9"]
[EventType "swiss"]
[EventDate "2018.05.19"]

1. d4 Nf6 2. c4 g6 3. Nc3 Bg7 4. e4 d6 5. Be2 O-O 6. Nf3 e5 7. O-O Nc6 8. d5
Ne7 9. Ne1 Ne8 10. Be3 f5 11. f3 f4 12. Bf2 g5 13. c5 Ng6 14. a4 Rf7 15. a5 h5
16. c6 bxc6 17. dxc6 Be6 18. Nd5 Ne7 19. Bc4 Nxc6 20. Qa4 Nb8 21. Qb3 Qc8 22.
Nd3 c6 1/2-1/2

[Event "ODJM A 2018"]
[Site "Willingen GER"]
[Date "2018.05.25"]
[Round "8"]
[White "Müller, Magnus"]
[Black "Wübker, Paul-Luca"]
[Result "1/2-1/2"]
[Termination "normal"]
[Board "27"]
[WhiteElo "1782"]
[BlackElo "2132"]
[PlyCount "83"]
[WhiteFideId "16230060"]
[BlackFideId "12939528"]
[EventCountry "GER"]
[EventRounds "9"]
[EventType "swiss"]
[EventDate "2018.05.19"]

1. e4 c5 2. Nf3 d6 3. d4 cxd4 4. Nxd4 Nf6 5. Nc3 g6 6. Be3 Bg7 7. f3 O-O 8. Qd2
Nc6 9. g4 Be6 10. Nxe6 fxe6 11. O-O-O Ne5 12. Be2 Qc8 13. h4 Nfd7 14. h5 Nxf3
15. Nd5 exd5 16. Qxd5+ Rf7 17. hxg6 hxg6 18. Bxf3 Ne5 19. Be2 Qc6 20. Qxc6 bxc6
21. c3 Rff8 22. Rdf1 Rfd8 23. Bd4 Bf6 24. Kc2 Kg7 25. Rh3 Nd7 26. Bc4 d5 27.
exd5 Bxd4 28. cxd4 Nb6 29. Bb3 cxd5 30. Re3 Rac8+ 31. Rc3 Rxc3+ 32. Kxc3 Rh8
33. Re1 Kf6 34. Re5 Rh3+ 35. Kb4 Rg3 36. Bxd5 Rxg4 37. Re6+ Kf5 38. Kc5 Nxd5
39. Re5+ Kf6 40. Kxd5 Rg2 41. Re6+ Kf7 42. Ra6 1/2-1/2

[Event "ODJM A 2018"]
[Site "Willingen GER"]
[Date "2018.05.25"]
[Round "8"]
[White "Wanner, Lukas"]
[Black "Seref, Erdogan"]
[Result "1-0"]
[Termination "normal"]
[Board "28"]
[WhiteElo "2045"]
[BlackElo "1991"]
[PlyCount "85"]
[WhiteFideId "12918148"]
[BlackFideId "16206827"]
[EventCountry "GER"]
[EventRounds "9"]
[EventType "swiss"]
[EventDate "2018.05.19"]

1. c4 e5 2. g3 c6 3. d4 exd4 4. Qxd4 d5 5. Bg2 Nf6 6. Nf3 Be7 7. cxd5 cxd5 8.
O-O Nc6 9. Qa4 O-O 10. Nc3 Qb6 11. Qb5 Rd8 12. Rd1 Bc5 13. Qxb6 axb6 14. Bg5
Be6 15. e3 Rd7 16. Bxf6 gxf6 17. Nb5 Ne5 18. a3 Nc4 19. b4 Be7 20. Nfd4 Kg7 21.
h3 Nb2 22. Rdc1 Nc4 23. Ne2 f5 24. Nf4 Kf6 25. Bxd5 Rc8 26. Nxe6 Rxd5 27. Nec7
Re5 28. Rxc4 Rxb5 29. Nd5+ Rxd5 30. Rxc8 Bd6 31. Rac1 Be5 32. a4 b5 33. axb5
Rxb5 34. R8c4 Bd6 35. Kf1 Ke5 36. f4+ Kd5 37. Rd4+ Ke6 38. Ke2 h5 39. Kd3 b6
40. Rc6 Rd5 41. Rxd5 Kxd5 42. b5 Bc5 43. Rf6 1-0

[Event "ODJM A 2018"]
[Site "Willingen GER"]
[Date "2018.05.25"]
[Round "8"]
[White "Teichert, Felix"]
[Black "Hoffmann, Fabian"]
[Result "1-0"]
[Termination "normal"]
[Board "29"]
[WhiteElo "1970"]
[BlackElo "1893"]
[PlyCount "87"]
[WhiteFideId "12987670"]
[BlackFideId "12964891"]
[EventCountry "GER"]
[EventRounds "9"]
[EventType "swiss"]
[EventDate "2018.05.19"]

1. d4 d5 2. Nc3 Nf6 3. Bf4 Nh5 4. Bg5 h6 5. Bh4 g5 6. e3 Nf6 7. Bg3 Bf5 8. Nf3
e6 9. Bd3 Bxd3 10. Qxd3 c6 11. Ne5 Nbd7 12. f3 Nxe5 13. Bxe5 Bd6 14. f4 gxf4
15. exf4 Rg8 16. O-O Qe7 17. a4 O-O-O 18. a5 h5 19. Na4 Ne4 20. c4 Rg4 21. Ra2
f5 22. cxd5 Bxe5 23. fxe5 Qg7 24. b4 Rxd5 25. a6 Qxe5 26. axb7+ Kxb7 27. Rd1
Qg7 28. Qc4 f4 29. Nc5+ Nxc5 30. bxc5 Qc7 31. Rda1 Ka8 32. Qa6 Rd7 33. Qe2 Re7
34. Qe4 Qc8 35. Ra6 Rc7 36. h3 Rg5 37. Qxf4 Rd5 38. Qf6 Rf5 39. Qh6 Rcf7 40.
R6a4 Qe8 {(=)} 41. Qd2 Qg8 42. Qe2 Re7 43. Qa6 Rc7 44. Qxa7+ 1-0

[Event "ODJM A 2018"]
[Site "Willingen GER"]
[Date "2018.05.25"]
[Round "8"]
[White "Gallasch, Robin"]
[Black "Schallner, Marc"]
[Result "1/2-1/2"]
[Termination "normal"]
[Board "30"]
[WhiteElo "1752"]
[BlackElo "1993"]
[PlyCount "40"]
[WhiteFideId "16222423"]
[BlackFideId "12971243"]
[EventCountry "GER"]
[EventRounds "9"]
[EventType "swiss"]
[EventDate "2018.05.19"]

1. d4 d5 2. c4 c6 3. cxd5 cxd5 4. Nc3 Nf6 5. Nf3 Nc6 6. Bf4 a6 7. e3 Bg4 8. Rc1
e6 9. Qb3 Bxf3 10. gxf3 Qd7 11. Na4 Ra7 12. a3 Qd8 13. Bd3 Qa5+ 14. Ke2 Nh5 15.
Bg3 Nxg3+ 16. hxg3 h6 17. Nb6 Kd8 18. Rc3 Bb4 19. axb4 Qxb6 20. b5 axb5 1/2-1/2

[Event "ODJM A 2018"]
[Site "Willingen GER"]
[Date "2018.05.25"]
[Round "8"]
[White "Beesk, Kevin"]
[Black "Nguyen, Ha Thanh"]
[Result "1/2-1/2"]
[Termination "normal"]
[Board "31"]
[WhiteElo "1968"]
[BlackElo "1882"]
[PlyCount "76"]
[WhiteFideId "1271882"]
[BlackFideId "12942154"]
[EventCountry "GER"]
[EventRounds "9"]
[EventType "swiss"]
[EventDate "2018.05.19"]

1. e4 c5 2. Nc3 g6 3. f4 Bg7 4. Nf3 d6 5. Bb5+ Bd7 6. Bc4 Nc6 7. O-O e6 8. d3
Nge7 9. Qe1 Nd4 10. Bb3 Nec6 11. f5 gxf5 12. exf5 Nxf5 13. Ng5 Qe7 14. Bd2 Ne5
15. Rxf5 exf5 16. Nd5 Qd8 17. Qg3 Kf8 18. Rf1 h6 19. Nh3 h5 20. Bg5 f6 21. Bh4
b5 22. c3 c4 23. dxc4 bxc4 24. Bc2 Rh6 25. Nhf4 Kf7 26. Qh3 Qh8 27. b3 a5 28.
Nb6 Ra7 29. Nxd7 Rxd7 30. Qxf5 Re7 31. bxc4 Qb8 32. Bg5 Qa7+ 33. Kh1 Ng4 34.
Qd5+ Kf8 35. Ne6+ Rxe6 36. Qxe6 Nf2+ 37. Rxf2 Qxf2 38. Qxd6+ Kf7 1/2-1/2

[Event "ODJM A 2018"]
[Site "Willingen GER"]
[Date "2018.05.25"]
[Round "8"]
[White "Isler, Benjamin"]
[Black "Reitz, Philipp"]
[Result "0-1"]
[Termination "normal"]
[Board "32"]
[WhiteElo "1881"]
[BlackElo "1975"]
[PlyCount "68"]
[WhiteFideId "12975478"]
[BlackFideId "12973297"]
[EventCountry "GER"]
[EventRounds "9"]
[EventType "swiss"]
[EventDate "2018.05.19"]

1. e4 c5 2. d4 cxd4 3. c3 g6 4. Qxd4 Nf6 5. e5 Nc6 6. Qf4 Nh5 7. Qe3 Qc7 8. g4
Ng7 9. f4 b6 10. Na3 Bb7 11. Nb5 Qb8 12. Nf3 e6 13. Bd3 Bc5 14. Nfd4 a6 15.
Nd6+ Bxd6 16. exd6 Qxd6 17. O-O Nxd4 18. cxd4 Qd5 19. Qg3 h5 20. Be2 hxg4 21.
Bxg4 {(=)} Qh1+ 22. Kf2 Qxh2+ 23. Qxh2 Rxh2+ 24. Ke1 Nf5 25. Bxf5 gxf5 26. Bd2
a5 27. Rc1 Ke7 28. Rg1 Bf3 29. Rf1 Bg4 30. Rg1 Rah8 31. Rc2 Re2+ 32. Kf1 Rhh2
33. Rxg4 Rhf2+ 34. Kg1 fxg4 0-1

[Event "ODJM A 2018"]
[Site "Willingen GER"]
[Date "2018.05.25"]
[Round "8"]
[White "Grund, Sebastian"]
[Black "Klenk, Sofie"]
[Result "1-0"]
[Termination "normal"]
[Board "33"]
[WhiteElo "1892"]
[BlackElo "1898"]
[PlyCount "47"]
[WhiteFideId "12988626"]
[BlackFideId "12996653"]
[EventCountry "GER"]
[EventRounds "9"]
[EventType "swiss"]
[EventDate "2018.05.19"]

1. d4 d5 2. Nf3 a6 3. c4 dxc4 4. g3 b5 5. a4 Bb7 6. Bg2 e5 7. O-O exd4 8. Nxd4
Bxg2 9. Kxg2 Qd5+ 10. Nf3 Qxd1 11. Rxd1 c6 12. axb5 cxb5 13. Nd4 b4 14. Nb5 Ke7
15. Bf4 f6 16. Nc7 Ra7 17. Nd5+ Kf7 18. Bxb8 Ra8 19. Bf4 Ne7 20. Nxb4 Ng6 21.
Nd5 Bc5 22. Nbc3 h5 23. Nc7 Ra7 24. Rd7+ 1-0

[Event "ODJM A 2018"]
[Site "Willingen GER"]
[Date "2018.05.25"]
[Round "8"]
[White "Buhr, Patrick"]
[Black "Gallasch, Jonas"]
[Result "1-0"]
[Termination "normal"]
[Board "34"]
[WhiteElo "1797"]
[BlackElo "1924"]
[PlyCount "55"]
[WhiteFideId "16206436"]
[BlackFideId "16222474"]
[EventCountry "GER"]
[EventRounds "9"]
[EventType "swiss"]
[EventDate "2018.05.19"]

1. c4 c5 2. g3 g6 3. Bg2 Bg7 4. Nc3 Nc6 5. e3 e5 6. Nge2 Nge7 7. O-O O-O 8. b3
d6 9. Bb2 Be6 10. Rc1 Rb8 11. d3 Qd7 12. f4 f5 13. Qd2 b6 14. Rf2 Rfd8 15. Nd5
a6 16. Nec3 b5 17. e4 Rf8 18. Rcf1 exf4 19. Nxf4 Bd4 20. Nxe6 Qxe6 21. exf5
Qxf5 22. Ne4 Bxf2+ 23. Rxf2 Qd7 24. Qh6 Nf5 25. Rxf5 Rxf5 26. Nf6+ Rxf6 27.
Bd5+ Qf7 28. Bxf6 1-0

[Event "ODJM A 2018"]
[Site "Willingen GER"]
[Date "2018.05.25"]
[Round "8"]
[White "Reucker, Friedrich"]
[Black "Meiwes, Thore"]
[Result "1-0"]
[Termination "normal"]
[Board "35"]
[WhiteElo "1882"]
[BlackElo "1771"]
[PlyCount "37"]
[WhiteFideId "12993670"]
[BlackFideId "16201256"]
[EventCountry "GER"]
[EventRounds "9"]
[EventType "swiss"]
[EventDate "2018.05.19"]

1. d4 Nf6 2. Bf4 c5 3. e3 d5 4. c3 Nc6 5. Nd2 e6 6. Ngf3 cxd4 7. exd4 Nh5 8.
Be3 g6 9. g4 Ng7 10. h4 h5 11. Ne5 Bd7 12. Bd3 Nxe5 13. dxe5 hxg4 14. Qxg4 Nf5
15. Bg5 Be7 16. O-O-O Bxg5 17. hxg5 Rxh1 18. Rxh1 Ke7 19. Qb4+ 1-0

[Event "ODJM A 2018"]
[Site "Willingen GER"]
[Date "2018.05.25"]
[Round "8"]
[White "Jurga, Jonas Vincent"]
[Black "Bartelt, Max Peter"]
[Result "1/2-1/2"]
[Termination "normal"]
[Board "36"]
[WhiteElo "1857"]
[BlackElo "1807"]
[PlyCount "44"]
[WhiteFideId "12968013"]
[BlackFideId "12967289"]
[EventCountry "GER"]
[EventRounds "9"]
[EventType "swiss"]
[EventDate "2018.05.19"]

1. e4 e6 2. d4 d5 3. Nc3 Bb4 4. e5 c5 5. a3 Bxc3+ 6. bxc3 Qa5 7. Ne2 Nc6 8. Qd2
Nge7 9. Bb2 cxd4 10. cxd4 Qxd2+ 11. Kxd2 b6 12. Ng3 Kd7 13. Bd3 a5 14. Rac1 Ba6
15. Rhd1 Bxd3 16. Kxd3 b5 17. Ne2 Rhb8 18. Ra1 a4 19. c3 b4 20. axb4 Nxb4+ 21.
cxb4 Rxb4 22. Rdb1 Nc6 1/2-1/2

[Event "ODJM A 2018"]
[Site "Willingen GER"]
[Date "2018.05.25"]
[Round "8"]
[White "Möller, Lisa-Marie"]
[Black "Petersen, Finn Christopher"]
[Result "1-0"]
[Termination "normal"]
[Board "37"]
[WhiteElo "1865"]
[BlackElo "1821"]
[PlyCount "47"]
[WhiteFideId "12959367"]
[BlackFideId "12964840"]
[EventCountry "GER"]
[EventRounds "9"]
[EventType "swiss"]
[EventDate "2018.05.19"]

1. e4 e5 2. Nc3 Nf6 3. f4 d5 4. fxe5 Nxe4 5. Qf3 Nxc3 6. bxc3 c5 7. Nh3 Nc6 8.
Nf4 Be6 9. Nxe6 fxe6 10. Bb5 Qe7 11. O-O g6 12. d4 Bg7 13. Ba3 Rf8 14. Qh3 Bxe5
15. Bxc6+ bxc6 16. Rxf8+ Kxf8 17. dxe5 Kg7 18. Qe3 Rb8 19. Bxc5 Qh4 20. Bb4 d4
21. Qf2 Qe4 22. Bd6 Rc8 23. Rf1 dxc3 24. Bf8+ 1-0

[Event "ODJM A 2018"]
[Site "Willingen GER"]
[Date "2018.05.25"]
[Round "8"]
[White "Fistoul, Boris"]
[Black "Brandl, Lea Maria"]
[Result "1-0"]
[Termination "normal"]
[Board "38"]
[WhiteElo "1953"]
[BlackElo "1932"]
[PlyCount "71"]
[WhiteFideId "12953962"]
[BlackFideId "24693049"]
[EventCountry "GER"]
[EventRounds "9"]
[EventType "swiss"]
[EventDate "2018.05.19"]

1. d4 Nf6 2. c4 g6 3. f3 d5 4. cxd5 Nxd5 5. e4 Nf6 6. Nc3 Bg7 7. Be3 O-O 8. Qd2
Re8 9. O-O-O c6 10. h4 Nbd7 11. h5 Nf8 12. Bc4 e6 13. hxg6 fxg6 14. Bh6 Qe7 15.
d5 b5 16. Bb3 a5 17. d6 Qd7 18. Nh3 a4 19. Bc2 c5 20. Ng5 b4 21. Nxa4 Bxh6 22.
Rxh6 Rxa4 23. Bxa4 Qxa4 24. Nxh7 N6xh7 25. Rxh7 Qxd1+ 26. Kxd1 Kxh7 27. Qg5 Nd7
28. e5 Nb6 29. f4 Nd5 30. Qh4+ Kg7 31. Qf2 Bd7 32. Qxc5 Ra8 33. a3 bxa3 34.
bxa3 Ra4 35. g3 Ra6 36. g4 1-0

[Event "ODJM A 2018"]
[Site "Willingen GER"]
[Date "2018.05.25"]
[Round "8"]
[White "Herbrig, Marie-Helén"]
[Black "von Freymann, Franz"]
[Result "0-1"]
[Termination "normal"]
[Board "39"]
[WhiteElo "1909"]
[BlackElo "1809"]
[PlyCount "98"]
[WhiteFideId "12900427"]
[BlackFideId "12994014"]
[EventCountry "GER"]
[EventRounds "9"]
[EventType "swiss"]
[EventDate "2018.05.19"]

1. d4 Nf6 2. Nf3 g6 3. Bf4 Bg7 4. e3 O-O 5. Bd3 d6 6. O-O Re8 7. Nbd2 Nc6 8.
Bg5 e5 9. d5 Nb4 10. Bb5 Bd7 11. Bxd7 Qxd7 12. e4 Kh8 13. a3 Na6 14. b4 Ng8 15.
Nb3 f5 16. Bd2 f4 17. Ng5 Nf6 18. f3 Rg8 19. Ne6 c6 20. c4 Nc7 21. Nxc7 Qxc7
22. Rc1 g5 23. Bc3 h5 24. Qd3 g4 25. Rfd1 Rad8 26. Be1 Bf8 27. Bh4 Qg7 28. Na5
cxd5 29. exd5 gxf3 30. Qxf3 Rd7 31. Bxf6 Qxf6 32. Qxh5+ Rh7 33. Qf3 Qh4 34. h3
Rg3 35. Qe4 Qxh3 36. Kf2 Qh4 37. Ke2 Re3+ 38. Qxe3 fxe3 39. Kxe3 Qg3+ 40. Kd2
Bh6+ 41. Kc2 Bxc1 42. Rxc1 Rh2 43. Kb2 Qxg2+ 44. Kb3 Qb2+ 45. Ka4 Qxc1 46. Nxb7
Qxc4 47. Nxd6 Qa6+ 48. Kb3 Rh3+ 49. Kc2 Qe2+ 0-1

[Event "ODJM A 2018"]
[Site "Willingen GER"]
[Date "2018.05.25"]
[Round "8"]
[White "Langner, Jasper"]
[Black "Perkampus, Laurin"]
[Result "1-0"]
[Termination "normal"]
[Board "40"]
[WhiteElo "1707"]
[BlackElo "1628"]
[PlyCount "111"]
[WhiteFideId "16202554"]
[BlackFideId "16232283"]
[EventCountry "GER"]
[EventRounds "9"]
[EventType "swiss"]
[EventDate "2018.05.19"]

1. e4 c5 2. Nc3 d6 3. d4 cxd4 4. Qxd4 Nc6 5. Qd2 Nf6 6. b3 g6 7. Bb2 Bg7 8.
O-O-O O-O 9. Kb1 Be6 10. f3 Qa5 11. g4 Rfd8 12. g5 Nh5 13. Nge2 Be5 14. f4 Bg7
15. h3 b5 16. Bg2 b4 17. Na4 Rdc8 18. Bf3 Bxb2 19. Kxb2 Ng7 20. h4 Qb5 21. Kb1
Rab8 22. h5 gxh5 23. Ng3 Na5 24. Be2 Bc4 25. Bd3 Bxd3 26. cxd3 Ne6 27. Nf5 Rc7
28. Rc1 Nc5 29. Nxc5 dxc5 30. Rxh5 Kf8 31. Rxh7 Ke8 32. Rh8+ Kd7 33. Rxb8 Qxb8
34. Rh1 e6 35. Ne3 Kc6 36. Rh6 Kb5 37. Ng4 Qd8 38. Ne5 Nc6 39. Nxc6 Rxc6 40.
Qc2 Rd6 41. Rh3 Rd4 42. Rg3 Qh8 43. Qg2 Qh4 44. f5 Qh5 45. Kc2 e5 46. g6 Qh8
47. g7 Qg8 48. Rh3 Rxd3 49. Rxd3 a5 50. Rh3 Qd8 51. g8=Q Qd4 52. Qe2+ c4 53.
Qxc4+ Qxc4+ 54. bxc4+ Kxc4 55. Qxf7+ Kd4 56. Qd5# 1-0

[Event "ODJM A 2018"]
[Site "Willingen GER"]
[Date "2018.05.25"]
[Round "8"]
[White "Schilay, Lorenz"]
[Black "Lohr, Maximilian"]
[Result "1/2-1/2"]
[Termination "normal"]
[Board "41"]
[WhiteElo "1920"]
[BlackElo "1876"]
[PlyCount "67"]
[WhiteFideId "12930180"]
[BlackFideId "12999717"]
[EventCountry "GER"]
[EventRounds "9"]
[EventType "swiss"]
[EventDate "2018.05.19"]

1. e4 d5 2. exd5 Qxd5 3. Nc3 Qd6 4. d4 Nf6 5. Nf3 a6 6. Bd3 Bg4 7. Ne4 Nxe4 8.
Bxe4 Nc6 9. Bxc6+ Qxc6 10. d5 Qd6 11. O-O O-O-O 12. c4 e6 13. h3 Bh5 14. Qd3
Bg6 15. Qe3 exd5 16. Qa7 Qb6 17. Qxb6 cxb6 18. cxd5 Rxd5 19. Be3 Bc5 20. Rac1
Kb8 21. Rfe1 Rhd8 22. a3 Ka7 23. b4 Bxe3 24. Rxe3 Rd1+ 25. Rxd1 Rxd1+ 26. Kh2
Rd3 27. Rxd3 Bxd3 28. Ne5 Bg6 29. h4 f6 30. Nxg6 hxg6 31. Kg3 Kb8 32. Kg4 Kc7
33. h5 Kd6 34. hxg6 1/2-1/2

[Event "ODJM A 2018"]
[Site "Willingen GER"]
[Date "2018.05.25"]
[Round "8"]
[White "Günther, Emil"]
[Black "Wissing, Philipp"]
[Result "1/2-1/2"]
[Termination "normal"]
[Board "42"]
[WhiteElo "1584"]
[BlackElo "1802"]
[PlyCount "85"]
[WhiteFideId "16228154"]
[BlackFideId "12993654"]
[EventCountry "GER"]
[EventRounds "9"]
[EventType "swiss"]
[EventDate "2018.05.19"]

1. c4 Nf6 2. Nc3 g6 3. g3 Bg7 4. Bg2 d6 5. Nf3 O-O 6. O-O c6 7. d3 Nbd7 8. b3
Qc7 9. Bb2 Rb8 10. Rc1 a6 11. e4 e5 12. d4 c5 13. a4 Nh5 14. Nh4 Bh6 15. Rb1
Ndf6 16. Bc1 Bg7 17. Qc2 Bg4 18. f3 Bd7 19. Bd2 Qc8 20. Rfe1 Ne8 21. Rf1 Qd8
22. Bh1 f5 23. Ng2 Nef6 24. Ne1 Qe7 25. Rf2 Rf7 26. Nd3 b5 27. axb5 axb5 28.
Nxb5 Bxb5 29. cxb5 Qb7 30. g4 Nf4 31. Nxf4 exf4 32. Bxf4 Nxe4 33. fxe4 fxe4 34.
Bxe4 Re8 35. Qd3 Bxd4 36. Be3 Bxe3 37. Qxe3 Rfe7 38. Rbf1 Rxe4 39. Rf8+ Rxf8
40. Rxf8+ Kxf8 41. Qxe4 Qxb5 42. Qe6 Qb6 43. Qf6+ 1/2-1/2

[Event "ODJM A 2018"]
[Site "Willingen GER"]
[Date "2018.05.26"]
[Round "9"]
[White "Syrov, Arkadi"]
[Black "Hartmann, Jakob"]
[Result "1/2-1/2"]
[Termination "normal"]
[Board "1"]
[WhiteElo "2291"]
[BlackElo "2194"]
[WhiteClock "00:14:58"]
[BlackClock "00:03:47"]
[PlyCount "80"]
[WhiteFideId "12942448"]
[BlackFideId "12918067"]
[EventCountry "GER"]
[EventRounds "9"]
[EventType "swiss"]
[EventDate "2018.05.19"]

1. e4 {[%clk 1:30:58]} 1... e5 {[%clk 1:30:52]} 2. Nf3 {[%clk 1:31:24]} 2...
Nc6 {[%clk 1:31:13]} 3. Bb5 {[%clk 1:31:50]} 3... a6 {[%clk 1:31:34]} 4. Ba4 {
[%clk 1:32:17]} 4... Nf6 {[%clk 1:31:54]} 5. d3 {[%clk 1:32:43]} 5... b5 {
[%clk 1:31:49]} 6. Bb3 {[%clk 1:33:09]} 6... Bc5 {[%clk 1:32:00]} 7. Nc3 {
[%clk 1:33:33]} 7... d6 {[%clk 1:31:15]} 8. Nd5 {[%clk 1:33:57]} 8... h6 {
[%clk 1:30:29]} 9. c3 {[%clk 1:34:23]} 9... O-O {[%clk 1:29:25]} 10. Nxf6+ {
[%clk 1:34:48]} 10... Qxf6 {[%clk 1:29:50]} 11. Bd5 {[%clk 1:35:15]} 11... Bd7
{[%clk 1:30:16]} 12. Rg1 {[%clk 1:35:42]} 12... Ne7 {[%clk 1:30:43]} 13. Bxa8 {
[%clk 1:36:07]} 13... Rxa8 {[%clk 1:31:09]} 14. g4 {[%clk 1:36:12]} 14... Qe6 {
[%clk 1:31:34]} 15. Be3 {[%clk 1:35:08]} 15... Bxe3 {[%clk 1:32:00]} 16. fxe3 {
[%clk 1:35:34]} 16... d5 {[%clk 1:32:26]} 17. Nd2 {[%clk 1:23:03]} 17... Qb6 {
[%clk 1:32:47]} 18. Qf3 {[%clk 1:21:18]} 18... d4 {[%clk 1:32:50]} 19. exd4 {
[%clk 0:53:34]} 19... exd4 {[%clk 1:33:00]} 20. Qf2 {[%clk 0:52:58]} 20... dxc3
{[%clk 1:33:20]} 21. bxc3 {[%clk 0:53:20]} 21... Qd6 {[%clk 1:32:02]} 22. Qg3 {
[%clk 0:53:07]} 22... Qb6 {[%clk 1:17:32]} 23. Rc1 {[%clk 0:42:45]} 23... Ng6 {
[%clk 1:09:09]} 24. Rg2 {[%clk 0:37:39]} 24... Re8 {[%clk 1:01:29]} 25. Re2 {
[%clk 0:37:49]} 25... Re6 {[%clk 0:50:59]} 26. h3 {[%clk 0:32:59]} 26... c5 {
[%clk 0:45:44]} 27. Kf1 {[%clk 0:30:52]} 27... Nf4 {[%clk 0:42:54]} 28. Qxf4 {
[%clk 0:25:43]} 28... Rf6 {[%clk 0:40:57]} 29. Qxf6 {[%clk 0:26:09]} 29...
Qxf6+ {[%clk 0:41:02]} 30. Rf2 {[%clk 0:26:36]} 30... Qd6 {[%clk 0:38:19]} 31.
Ke2 {[%clk 0:25:46]} 31... c4 {[%clk 0:32:38]} 32. dxc4 {[%clk 0:19:55]} 32...
bxc4 {[%clk 0:32:06]} 33. Rf3 {[%clk 0:20:12]} 33... h5 {[%clk 0:30:51]} 34.
gxh5 {[%clk 0:18:09]} 34... Qh2+ {[%clk 0:28:15]} 35. Rf2 {[%clk 0:17:45]}
35... Qxh3 {[%clk 0:27:33]} 36. Nf3 {[%clk 0:17:50]} 36... Bc6 {[%clk 0:23:35]}
37. Rd1 {[%clk 0:15:16]} 37... Qg4 {[%clk 0:17:37]} 38. Rd8+ {[%clk 0:15:25]}
38... Kh7 {[%clk 0:17:57]} 39. Rd4 {[%clk 0:15:34]} 39... f6 {[%clk 0:10:40]}
40. Ke3 {[%clk 0:14:58]} 40... Qe6 {[%clk 0:03:47]} 1/2-1/2

[Event "ODJM A 2018"]
[Site "Willingen GER"]
[Date "2018.05.26"]
[Round "9"]
[White "Krause, Benedict"]
[Black "Knudsen, Simon"]
[Result "1-0"]
[Termination "normal"]
[Board "2"]
[WhiteTitle "FM"]
[WhiteElo "2448"]
[BlackElo "2126"]
[WhiteClock "00:20:48"]
[BlackClock "00:26:06"]
[PlyCount "55"]
[WhiteFideId "12917990"]
[BlackFideId "12985546"]
[EventCountry "GER"]
[EventRounds "9"]
[EventType "swiss"]
[EventDate "2018.05.19"]

1. e4 {[%clk 1:30:57]} 1... g6 {[%clk 1:30:51]} 2. d4 {[%clk 1:31:21]} 2... Bg7
{[%clk 1:31:18]} 3. Nc3 {[%clk 1:31:43]} 3... d6 {[%clk 1:31:43]} 4. f4 { [%clk
1:32:07]} 4... a6 {[%clk 1:32:10]} 5. Nf3 {[%clk 1:32:31]} 5... b5 { [%clk
1:32:37]} 6. Bd3 {[%clk 1:32:51]} 6... Nd7 {[%clk 1:33:03]} 7. e5 { [%clk
1:33:08]} 7... c5 {[%clk 1:33:29]} 8. Be4 {[%clk 1:33:32]} 8... Rb8 { [%clk
1:33:56]} 9. O-O {[%clk 1:33:41]} 9... cxd4 {[%clk 1:34:23]} 10. Nxd4 { [%clk
1:34:03]} 10... dxe5 {[%clk 1:34:49]} 11. Nc6 {[%clk 1:34:27]} 11... Qb6+
{[%clk 1:35:17]} 12. Kh1 {[%clk 1:34:42]} 12... Ngf6 {[%clk 1:33:27]} 13. Nxb8
{[%clk 1:33:38]} 13... Qxb8 {[%clk 1:33:52]} 14. fxe5 {[%clk 1:33:54]} 14...
Nxe4 {[%clk 1:34:18]} 15. Nxe4 {[%clk 1:34:18]} 15... Qxe5 {[%clk 1:34:35]} 16.
Re1 {[%clk 1:34:44]} 16... O-O {[%clk 1:21:39]} 17. Nc3 {[%clk 1:28:05]} 17...
Qc5 {[%clk 1:13:38]} 18. Be3 {[%clk 1:17:27]} 18... Qc6 {[%clk 1:06:21]} 19.
Nd5 {[%clk 1:03:30]} 19... Re8 {[%clk 1:05:38]} 20. Bg5 {[%clk 0:59:32]} 20...
e6 {[%clk 0:36:06]} 21. Ne7+ {[%clk 0:57:02]} 21... Rxe7 {[%clk 0:36:31]} 22.
Bxe7 {[%clk 0:57:27]} 22... Bxb2 {[%clk 0:36:56]} 23. Rb1 {[%clk 0:55:40]}
23... Bc3 {[%clk 0:37:18]} 24. Re2 {[%clk 0:50:42]} 24... f6 {[%clk 0:36:10]}
25. Qd6 {[%clk 0:40:27]} 25... Qxd6 {[%clk 0:36:26]} 26. Bxd6 {[%clk 0:40:52]}
26... Nb6 {[%clk 0:36:48]} 27. Rb3 {[%clk 0:22:57]} 27... Na4 {[%clk 0:26:06]}
28. Re4 {[%clk 0:20:48]} 1-0